Classic Ruskin Bond: (Record no. 83777)

MARC details
000 -LEADER
fixed length control field 00860nam a22002297a 4500
005 - DATE AND TIME OF LATEST TRANSACTION
control field 20180226113419.0
010 ## - LCCN (DPL NO)
LC control number B-529161-167 B-663788
020 ## - INTERNATIONAL STANDARD BOOK NUMBER
International Standard Book Number 9780143414667 (V.I)
Terms of availability 499.00
035 ## - SYSTEM CONTROL NUMBER
System control number B-529161-167
035 ## - SYSTEM CONTROL NUMBER
System control number B-663788
037 ## - SOURCE OF ACQUISITION
Stock number dpl
Source of stock number/acquisition UBH/Ven
037 ## - SOURCE OF ACQUISITION
Stock number dpl
Source of stock number/acquisition Bookwell/Ven
082 ## - DEWEY DECIMAL CLASSIFICATION NUMBER
Classification number N
245 ## - TITLE STATEMENT
Title Classic Ruskin Bond:
Remainder of title complete and unabridged/
260 ## - PUBLICATION, DISTRIBUTION, ETC. (IMPRINT)
Place of publication, distribution, etc New Delhi
Name of publisher, distributor, etc Penguin Books
Date of publication, distribution, etc 2010
270 ## - ADDRESS
Address 11 Community Centre, Panchsheel Park
City New Delhi
Postal code 110017
300 ## - PHYSICAL DESCRIPTION
Extent v.I(490p.)
Dimensions 21cm(pbk)
520 ## - SUMMARY, ETC.
Summary, etc 13-14EN
942 ## - ADDED ENTRY ELEMENTS (KOHA)
Source of classification or shelving scheme Dewey Decimal Classification
Item type English Books
Classification part N
Call number suffix CLA
Holdings
Withdrawn status Lost status Materials specified (bound volume or other part) Not for loan Collection code Home library Current library Date acquired Source of acquisition Cost, normal purchase price Full call number Barcode Copy number Cost, replacement price Koha item type
    V.I   Fiction Ashok Vihar Ashok Vihar 26/02/2018 Bookwell/BL1033/25.02.17/361/15.02.17/01.03.2017 499.00 N CLA B-663788 1 499.00 English Books
    V.I   Fiction Central Jail Tihar Central Jail Tihar 25/04/2014 UBH/173/07.11.2013/38/10.10.2013/02.12.2013 499.00 N CLA B-529166 1 499.00 English Books
    V.I   Fiction Central Library Central Library 25/04/2014 UBH/173/07.11.2013/38/10.10.2013/02.12.2013 499.00 N CLA B-529161 1 499.00 English Books
    V.I   Fiction Janak Puri Janak Puri 25/04/2014 UBH/173/07.11.2013/38/10.10.2013/02.12.2013 499.00 N CLA B-529167 1 499.00 English Books
    V.I   Fiction Kasturba Gandhi Marg Kasturba Gandhi Marg 25/04/2014 UBH/173/07.11.2013/38/10.10.2013/02.12.2013 499.00 N CLA B-529163 1 499.00 English Books
    V.I   Fiction Patel Nagar Patel Nagar 25/04/2014 UBH/173/07.11.2013/38/10.10.2013/02.12.2013 499.00 N CLA B-529162 1 499.00 English Books
    V.I   Fiction Peshwa Road Peshwa Road 25/04/2014 UBH/173/07.11.2013/38/10.10.2013/02.12.2013 499.00 N CLA B-529164 1 499.00 English Books
    V.I   Fiction Tri Nagar Tri Nagar 25/04/2014 UBH/173/07.11.2013/38/10.10.2013/02.12.2013 499.00 N CLA B-529165 1 499.00 English Books

© Delhi Public Library
Hit Counter
free hit counter